000 00768nam a2200253Ia 4500
005 20250425162743.0
008 250425s9999 xx 000 0 und d
041 _aspa
082 _a560.9866
100 _aJIMENEZ, NELSON
245 0 _aPROYECTO LOJA: ESTUDIO DE VALORACION Y DIAGNOSTICO DE PALEONTOLOGIA, BOTANICA, ARQUEOLOGIA Y ETNOGRAFIA DE LOS CANTONES DE PUYANGO, CELICA Y PALTAS DE LA PROVINCIA DE LOJA
250 _aS.E.
260 _aEcuador
_bESPOL. CEAA
_c2002
260 _aGUAYAQUIL
300 _a156
650 _aARQUEOLOGIA-INVESTIGACIONES
650 _aPALEONTOLOGIA
650 _aPROVINCIA DE LOJA
650 _aPROYECTOS DE DESARROLLO
700 _aORDOƑEZ, MARTHA
700 _aSUAREZ, JOHNNY
942 _c01
010 _a105706
999 _c235756
_d235756